|
|
|
|
| LEADER |
01463nam a2200373 a 4500 |
| 001 |
000746979 |
| 003 |
CZ BrMZK |
| 005 |
20251203081635.0 |
| 007 |
ta |
| 008 |
041102s2004 xr a erf 001 0 czeoc |
| 015 |
|
|
|a cnb001312774
|
| 020 |
|
|
|a 80-7300-110-1
|q (brož.) :
|c Kč 199,00
|
| 035 |
|
|
|a (OCoLC)85102632
|
| 040 |
|
|
|a OSA001
|b cze
|d ABA001
|d BOA001
|
| 072 |
|
7 |
|a 004.3
|x Počítače. Hardware
|2 Konspekt
|9 23
|
| 080 |
|
|
|a 004.318
|2 MRF
|
| 080 |
|
|
|a 004.382.7
|2 MRF
|
| 080 |
|
|
|a (035)
|2 MRF
|
| 100 |
1 |
|
|a Pinker, Jiří,
|d 1942-
|7 ola2003206297
|4 aut
|
| 245 |
1 |
0 |
|a Mikroprocesory a mikropočítače /
|c Jiří Pinker
|
| 250 |
|
|
|a 1. vyd.
|
| 260 |
|
|
|a Praha :
|b BEN - technická literatura,
|c 2004
|
| 300 |
|
|
|a 159 s. :
|b il. ;
|c 23 cm
|
| 500 |
|
|
|a Obálkový podnázev: obecné principy konstrukce současných mikroprocesorů a mikropočítačů
|
| 500 |
|
|
|a Anglicko-český terminologický slovník
|
| 500 |
|
|
|a Dostupné též v digitální podobě v aplikaci Kramerius
|
| 504 |
|
|
|a Obsahuje bibliografii a rejstřík
|
| 650 |
0 |
7 |
|a mikroprocesory
|7 ph115311
|2 czenas
|
| 650 |
0 |
7 |
|a mikropočítače
|7 ph115310
|2 czenas
|
| 655 |
|
7 |
|a příručky
|7 fd133209
|2 czenas
|
| 856 |
4 |
1 |
|u http://www.digitalniknihovna.cz/mzk/uuid/uuid:99c29ad0-0efa-11e7-968f-005056827e51
|y Digitalizovaný dokument
|x NDK
|
| 910 |
|
|
|a BOA001
|b 2-1141.989
|
| 990 |
|
|
|a BK
|
| 996 |
6 |
|
|b 2610232743
|c 2-1141.989
|l MZK
|r Sklad / do 1 hodiny
|n 5
|p p.v.
|w 000746979
|u 000010
|a 1
|e BOA001
|j MZK50
|s P
|